[Event "Ambelokipi op 161th"]
[Site "Athens"]
[Date "2017.12.21"]
[Round "7"]
[White "Stergiou, Georgios"]
[Black "Ntaifas, Ioannis"]
[Result "1/2-1/2"]
[WhiteElo "1805"]
[BlackElo "1757"]
[PlyCount "102"]
[EventDate "2017.12.??"]
[EventType "swiss"]
[EventRounds "7"]
[EventCountry "GRE"]
[SourceTitle "EXT 2024"]
[Source "ChessBase"]
[SourceDate "2023.10.10"]
[SourceVersion "1"]
[SourceVersionDate "2023.10.10"]
[SourceQuality "1"]

1. e4 e6 2. d4 d5 3. Nd2 c5 4. exd5 exd5 5. Ndf3 Nc6 6. Bb5 Bd6 7. c3 Nge7 8. Ne2 Qc7 9. 0-0 Bg4 10. Ng3 0-0 11. Bd3 Bxf3 12. Qxf3 cxd4 13. Qh5 Ng6 14. cxd4 Nb4 15. Bb1 Rfd8 16. Bg5 Re8 17. Bf5 Nc6 18. Rad1 Nce7 19. Bb1 Qb6 20. b3 Bb4 21. Ne2 h6 22. Be3 Rad8 23. Qg4 Qf6 24. Nc1 Bd6 25. g3 Bb8 26. h4 Nc6 27. h5 Nf8 28. Ne2 Ne6 29. Nc3 Ng5 30. Kg2 Qe6 31. Bf5 Qf6 32. Rfe1 Ne7 33. Bb1 Rc8 34. Rc1 Ne6 35. Ne2 Bd6 36. Rxc8 Rxc8 37. Rc1 Rxc1 38. Nxc1 Nc6 39. Ne2 Bc7 40. Nc3 Ne7 41. Qd1 a6 42. Qc2 Nf8 43. Na4 Bd6 44. Nc5 Bxc5 45. Qxc5 Ne6 46. Qa7 Nf5 47. Qa8+ Nf8 48. Bxf5 Qxf5 49. Qxb7 Qe4+ 50. Kg1 Ne6 51. Qc8+ Kh7 1/2-1/2

[Event "Ambelokipi op 161th"]
[Site "Athens"]
[Date "2017.12.14"]
[Round "6"]
[White "Delithanasis, Dimitrios"]
[Black "Stergiou, Georgios"]
[Result "1-0"]
[WhiteElo "2017"]
[BlackElo "1805"]
[PlyCount "99"]
[EventDate "2017.12.??"]
[EventType "swiss"]
[EventRounds "7"]
[EventCountry "GRE"]
[SourceTitle "EXT 2024"]
[Source "ChessBase"]
[SourceDate "2023.10.10"]
[SourceVersion "1"]
[SourceVersionDate "2023.10.10"]
[SourceQuality "1"]

1. d4 Nf6 2. c4 g6 3. Nc3 Bg7 4. Nf3 0-0 5. e4 d6 6. h3 e5 7. dxe5 dxe5 8. Qxd8 Rxd8 9. Bg5 Re8 10. Nd5 Nxd5 11. cxd5 c6 12. Bc4 cxd5 13. Bxd5 Nc6 14. 0-0-0 Nb4 15. Bb3 Be6 16. Bxe6 Rxe6 17. Kb1 f6 18. Be3 Nc6 19. Rd7 Rb8 20. g4 Bf8 21. Rhd1 Re7 22. R7d3 Ree8 23. Rd7 Re7 24. R7d5 Ree8 25. a3 Be7 26. b4 a6 27. Kb2 Nd8 28. g5 Nf7 29. h4 Rbd8 30. gxf6 Rxd5 31. Rxd5 Bxf6 32. Rd7 Re7 33. Rd5 Rc7 34. Kb3 Kf8 35. Ng5 Nxg5 36. hxg5 Bg7 37. a4 Kf7 38. b5 Ke6 39. Bc5 Rd7 40. Kc4 axb5+ 41. axb5 Rc7 42. Rd6+ Kf7 43. Kd5 h5 44. gxh6 Bxh6 45. b6 Re7 46. Rd8 Re8 47. Rd7+ Kf6 48. Rxb7 Bd2 49. Rd7 Ba5 50. b7 1-0

[Event "Bratislava Slovan op"]
[Site "Bratislava"]
[Date "2016.05.07"]
[Round "9"]
[White "Stergiou, Georgios"]
[Black "Balazec, Ludovit"]
[Result "0-1"]
[WhiteElo "1765"]
[BlackElo "1918"]
[PlyCount "88"]
[EventDate "2016.04.30"]
[EventType "swiss"]
[EventRounds "9"]
[EventCountry "SVK"]
[SourceTitle "EXT 2017"]
[Source "ChessBase"]
[SourceDate "2016.10.25"]
[SourceVersion "1"]
[SourceVersionDate "2016.10.25"]
[SourceQuality "1"]

1. e4 c5 2. Nf3 d6 3. d4 cxd4 4. Nxd4 Nf6 5. Nc3 a6 6. h3 e6 7. Be3 b5 8. a3 Bb7 9. Bd3 Nbd7 10. Qd2 Nb6 11. f3 Nfd7 12. Qf2 Be7 13. h4 Rc8 14. Qg3 Nc4 15. Bxc4 Rxc4 16. Rd1 Qc7 17. Bg5 Nf6 18. Rd3 h6 19. Be3 Rg8 20. Qf2 d5 21. exd5 Bxd5 22. Nb3 b4 23. Na5 bxc3 24. Nxc4 Bxc4 25. Bb6 Qc6 26. Rd1 cxb2 27. Qd4 Nd5 28. Ba5 Qb5 29. Bb4 Bxb4+ 30. axb4 Qxb4+ 31. Kf2 Ba2 32. c4 b1Q 33. Rxb1 Bxb1 34. Rxb1 Qxb1 35. cxd5 Qa2+ 36. Kg3 Qxd5 37. Qc3 Qd7 38. Qb4 f5 39. h5 Kf7 40. Kh3 g5 41. hxg6+ Rxg6 42. Qb2 Qc7 43. g4 h5 44. Kh4 f4 0-1

[Event "Bratislava Slovan op"]
[Site "Bratislava"]
[Date "2016.05.02"]
[Round "4"]
[White "Kostial, Jan"]
[Black "Stergiou, Georgios"]
[Result "0-1"]
[WhiteElo "1637"]
[BlackElo "1765"]
[PlyCount "71"]
[EventDate "2016.04.30"]
[EventType "swiss"]
[EventRounds "9"]
[EventCountry "SVK"]
[SourceTitle "EXT 2017"]
[Source "ChessBase"]
[SourceDate "2016.10.25"]
[SourceVersion "1"]
[SourceVersionDate "2016.10.25"]
[SourceQuality "1"]

1. d4 Nf6 2. Nf3 g6 3. g3 Bg7 4. Bg2 0-0 5. Nbd2 d6 6. 0-0 Nc6 7. c3 Bg4 8. h3 Bf5 9. a4 a5 10. Nh4 Bd7 11. e4 e5 12. Nhf3 Nh5 13. dxe5 Nxe5 14. Nxe5 dxe5 15. Nf3 Qc8 16. Kh2 Be6 17. b3 Rd8 18. Qc2 Ra6 19. Bb2 f6 20. Rfd1 Rad6 21. Ba3 Rxd1 22. Rxd1 Rd7 23. Bf1 Qd8 24. Rxd7 Qxd7 25. c4 b6 26. Qd3 Bxh3 27. Qxd7 Bxd7 28. Be2 Bf8 29. Bxf8 Kxf8 30. Ne1 Ng7 31. f4 exf4 32. gxf4 Ke7 33. Kg2 Ne6 34. Nd3 Nd4 35. Bd1 Bc6 36. Nf2 0-1

[Event "Nikaia op 23rd"]
[Site "Nikaia"]
[Date "2015.09.03"]
[Round "8"]
[White "Vazelakis, Dimitrios"]
[Black "Stergiou, Georgios"]
[Result "1/2-1/2"]
[WhiteElo "2004"]
[BlackElo "1832"]
[PlyCount "61"]
[EventDate "2015.08.26"]
[EventType "swiss"]
[EventRounds "9"]
[EventCountry "GRE"]
[SourceTitle "EXT 2016"]
[Source "ChessBase"]
[SourceDate "2015.10.08"]
[SourceVersion "1"]
[SourceVersionDate "2015.10.08"]
[SourceQuality "1"]

1. c4 Nf6 2. g3 g6 3. Bg2 Bg7 4. Nc3 0-0 5. e4 d6 6. Nge2 e5 7. 0-0 Nc6 8. d3 Be6 9. Nd5 Nh5 10. Be3 f5 11. exf5 gxf5 12. f4 Nf6 13. h3 Bxd5 14. cxd5 Ne7 15. Nc3 Kh8 16. Rc1 a6 17. Rc2 exf4 18. Bxf4 Ng6 19. Bg5 h6 20. Be3 Qd7 21. Rcf2 Ne7 22. Rf4 Qe8 23. Bd4 Qg6 24. g4 fxg4 25. hxg4 c5 26. dxc6 Nxc6 27. Be4 Qg5 28. Rf5 Qh4 29. Bxf6 Rxf6 30. Rxf6 Bxf6 31. Qf3 1/2-1/2

[Event "BI-2015-P-0000"]
[Site "LSS email"]
[Date "2015.04.16"]
[Round "?"]
[White "Stergiou, Georgios"]
[Black "Maikowski, Rainer"]
[Result "0-1"]
[WhiteElo "1973"]
[BlackElo "800"]
[PlyCount "50"]
[EventDate "2015.04.22"]
[EventType "tourn (corr)"]
[EventRounds "10"]
[EventCountry "GER"]
[SourceTitle "Corr 2022"]
[Source "ChessBase"]
[SourceDate "2021.10.24"]
[SourceVersion "1"]
[SourceVersionDate "2021.10.24"]
[SourceQuality "1"]

1. e4 e5 2. Nf3 Nc6 3. Bc4 Bc5 4. c3 Nf6 5. d3 d6 6. 0-0 a6 7. Bb3 Ba7 8. Nbd2 0-0 9. Re1 Ng4 10. Re2 Kh8 11. h3 Nh6 12. Nf1 f5 13. Bg5 Qe8 14. Bxh6 gxh6 15. d4 Qg6 16. Ng3 f4 17. Nf5 exd4 18. cxd4 Bxf5 19. exf5 Qg7 20. Qd3 Nxd4 21. Nxd4 Bxd4 22. Rae1 Be5 23. Be6 a5 24. b3 c6 25. Re4 Bc3 0-1

[Event "BI-2015-P-0000"]
[Site "LSS email"]
[Date "2015.04.16"]
[Round "?"]
[White "Van Hooff, Ruud"]
[Black "Stergiou, Georgios"]
[Result "1-0"]
[WhiteElo "2269"]
[BlackElo "1973"]
[PlyCount "35"]
[EventDate "2015.04.22"]
[EventType "tourn (corr)"]
[EventRounds "10"]
[EventCountry "GER"]
[SourceTitle "Corr 2022"]
[Source "ChessBase"]
[SourceDate "2021.10.24"]
[SourceVersion "1"]
[SourceVersionDate "2021.10.24"]
[SourceQuality "1"]

1. d4 d5 2. c4 e6 3. Nc3 Nf6 4. cxd5 Nxd5 5. Nf3 c5 6. e3 Nc6 7. Bd3 cxd4 8. exd4 Be7 9. 0-0 0-0 10. Re1 Bf6 11. Be4 Nce7 12. Qd3 h6 13. Ne5 Nxc3 14. Qxc3 Nf5 15. Be3 Nxe3 16. Qxe3 Qb6 17. Rad1 Rd8 18. b3 1-0

[Event "Milan Carnevale op-A 6th"]
[Site "Milan"]
[Date "2015.02.20"]
[Round "3"]
[White "Stergiou, Georgios"]
[Black "Vezzosi, Paolo"]
[Result "0-1"]
[WhiteElo "1864"]
[BlackElo "2331"]
[PlyCount "128"]
[EventDate "2015.02.18"]
[EventType "swiss"]
[EventRounds "6"]
[EventCountry "ITA"]
[SourceTitle "EXT 2017"]
[Source "ChessBase"]
[SourceDate "2016.10.25"]
[SourceVersion "1"]
[SourceVersionDate "2016.10.25"]
[SourceQuality "1"]

1. e4 c5 2. Nf3 Nc6 3. Bb5 Nf6 4. d3 d6 5. Bxc6+ bxc6 6. 0-0 e5 7. c3 Be7 8. Re1 Bg4 9. h3 Bh5 10. Nbd2 0-0 11. Nf1 Nd7 12. Ng3 Bg6 13. d4 Qc7 14. dxe5 dxe5 15. c4 Rfd8 16. Qe2 Nf8 17. b3 Ne6 18. Bb2 Nd4 19. Nxd4 cxd4 20. Qd3 a5 21. Nf5 Bf8 22. a4 Rab8 23. Ba3 Bb4 24. Bxb4 Rxb4 25. Rab1 c5 26. Nh4 Rdb8 27. Nf3 R8b6 28. Nd2 h5 29. Qg3 Qe7 30. h4 Kh7 31. Qg5 Qxg5 32. hxg5 h4 33. Kh2 f6 34. gxf6 Rxf6 35. f3 Be8 36. Kh3 g5 37. g4 hxg3 38. Kxg3 Bh5 39. Rh1 Rh6 40. Rh2 Rb7 41. Rbh1 Kg6 42. Kg2 Rf7 43. Rh3 Rf4 44. Rg3 Rh7 45. Rgh3 g4 46. fxg4 Rxg4+ 47. Rg3 Rxg3+ 48. Kxg3 Rf7 49. Rg1 Rf4 50. Kh3+ Kf6 51. Rg2 Bd1 52. Kg3 Kg5 53. Kh3+ Kh5 54. Kh2 Rh4+ 55. Kg1 Rg4 56. Kf2 Rxg2+ 57. Kxg2 Kg4 58. Kf2 Kf4 59. Ke1 Bc2 60. Ke2 Bxe4 61. Nxe4 Kxe4 62. Kd2 Kf5 63. Kd3 e4+ 64. Ke2 Kf4 0-1

[Event "Ambelokipi op 151st"]
[Site "Athens"]
[Date "2015.01.21"]
[Round "2"]
[White "Romanos, Theodoros"]
[Black "Stergiou, Georgios"]
[Result "1-0"]
[WhiteElo "2075"]
[BlackElo "1875"]
[PlyCount "55"]
[EventDate "2015.01.14"]
[EventType "swiss"]
[EventRounds "7"]
[EventCountry "GRE"]
[SourceTitle "EXT 2016"]
[Source "ChessBase"]
[SourceDate "2015.10.08"]
[SourceVersion "1"]
[SourceVersionDate "2015.10.08"]
[SourceQuality "1"]

1. Nf3 d6 2. c4 g6 3. Nc3 Bg7 4. d4 f5 5. g3 Nf6 6. Bg2 0-0 7. 0-0 c6 8. Rb1 Qe8 9. d5 h6 10. Nd4 e5 11. dxc6 bxc6 12. Ndb5 d5 13. Nc7 Qd8 14. Nxa8 Bb7 15. Qb3 Bxa8 16. cxd5 cxd5 17. Rd1 e4 18. Be3 Rf7 19. Bd4 f4 20. Bxf6 Bxf6 21. Bxe4 fxg3 22. hxg3 Kg7 23. Nxd5 Nc6 24. Nf4 Nd4 25. Rxd4 Bxd4 26. Ne6+ Kh8 27. Nxd8 Bxf2+ 28. Kh2 1-0

[Event "SB-2014-0-00401"]
[Site "LSS email"]
[Date "2014.12.29"]
[Round "?"]
[White "Stergiou, Georgios"]
[Black "Herzog, Klaus"]
[Result "0-1"]
[WhiteElo "1842"]
[BlackElo "1892"]
[PlyCount "50"]
[EventDate "2014.12.17"]
[EventType "tourn (corr)"]
[EventRounds "6"]
[EventCountry "GER"]
[SourceTitle "Corr 2022"]
[Source "ChessBase"]
[SourceDate "2021.10.24"]
[SourceVersion "1"]
[SourceVersionDate "2021.10.24"]
[SourceQuality "1"]

1. d4 Nf6 2. c4 g6 3. Nc3 Bg7 4. e4 0-0 5. Be2 d6 6. Bg5 c5 7. d5 h6 8. Bf4 a6 9. a4 Qa5 10. Bd2 Qc7 11. Nf3 Bg4 12. 0-0 Re8 13. h3 Bxf3 14. Bxf3 Nbd7 15. Qc2 e6 16. b3 Re7 17. Rfe1 Rae8 18. g3 Ne5 19. Bg2 g5 20. f4 gxf4 21. gxf4 Ned7 22. dxe6 fxe6 23. Kh1 Nb8 24. e5 dxe5 25. fxe5 Nfd7 0-1

[Event "CP-2014-P-00043"]
[Site "LSS email"]
[Date "2014.09.30"]
[Round "?"]
[White "Kuzmin, Konstantin"]
[Black "Stergiou, Georgios"]
[Result "1-0"]
[WhiteElo "2298"]
[BlackElo "1842"]
[PlyCount "37"]
[EventDate "2014.10.01"]
[EventType "tourn (corr)"]
[EventRounds "6"]
[EventCountry "GER"]
[SourceTitle "Corr 2022"]
[Source "ChessBase"]
[SourceDate "2021.10.24"]
[SourceVersion "1"]
[SourceVersionDate "2021.10.24"]
[SourceQuality "1"]

1. d4 d6 2. c4 g6 3. Nc3 Bg7 4. e4 Nf6 5. Bg5 0-0 6. Be2 c5 7. d5 e6 8. Qd2 exd5 9. exd5 Qb6 10. Nf3 Bf5 11. Nh4 Ne4 12. Nxe4 Bxe4 13. f3 h6 14. Bxh6 Bxh6 15. Qxh6 Qxb2 16. 0-0 Bc2 17. Rac1 Re8 18. Qd2 Qd4+ 19. Qxd4 1-0

[Event "ZI-2014-0-01845"]
[Site "LSS email"]
[Date "2014.08.02"]
[Round "?"]
[White "Hillebrand, Carsten"]
[Black "Stergiou, Georgios"]
[Result "1/2-1/2"]
[WhiteElo "1861"]
[BlackElo "1903"]
[PlyCount "52"]
[EventDate "2014.07.14"]
[EventType "match (corr)"]
[EventRounds "2"]
[EventCountry "GER"]
[SourceTitle "Corr 2015"]
[Source "ChessBase"]
[SourceDate "2015.07.17"]
[SourceVersion "1"]
[SourceVersionDate "2015.07.17"]
[SourceQuality "1"]

1. c4 Nf6 2. g3 g6 3. Bg2 Bg7 4. Nc3 0-0 5. e4 d6 6. Nge2 e5 7. 0-0 c6 8. d3 a6 9. b4 b5 10. a4 bxc4 11. dxc4 Be6 12. Qd3 Nbd7 13. a5 c5 14. Ba3 cxb4 15. Bxb4 Rc8 16. Nd5 Nc5 17. Qe3 Nfd7 18. Rfd1 Re8 19. Qa3 h5 20. Nc1 h4 21. Nd3 Bg4 22. Re1 Bh6 23. Rab1 Nxd3 24. Qxd3 Nc5 25. Qa3 Be6 26. Red1 Bg5 1/2-1/2

[Event "SB-2014-0-00373"]
[Site "LSS email"]
[Date "2014.07.08"]
[Round "?"]
[White "Laine, Jari"]
[Black "Stergiou, Georgios"]
[Result "1/2-1/2"]
[WhiteElo "1950"]
[BlackElo "1842"]
[PlyCount "53"]
[EventDate "2014.06.16"]
[EventType "tourn (corr)"]
[EventRounds "6"]
[EventCountry "GER"]
[SourceTitle "Corr 2022"]
[Source "ChessBase"]
[SourceDate "2021.10.24"]
[SourceVersion "1"]
[SourceVersionDate "2021.10.24"]
[SourceQuality "1"]

1. e4 e5 2. Nf3 Nc6 3. Bb5 a6 4. Ba4 Nf6 5. d3 d6 6. c3 g6 7. 0-0 Bg7 8. Re1 0-0 9. Be3 Be6 10. h3 b5 11. Bb3 Bxb3 12. Qxb3 Qd7 13. Nbd2 Na5 14. Qc2 c5 15. a3 c4 16. d4 exd4 17. Bxd4 Nh5 18. Be3 Rfe8 19. a4 Qb7 20. axb5 axb5 21. Ra3 Nf6 22. Rea1 Nc6 23. Rxa8 Rxa8 24. Rxa8+ Qxa8 25. Qd1 Qe8 26. Bg5 Nd7 27. Qa1 1/2-1/2

[Event "SB-2014-0-00373"]
[Site "LSS email"]
[Date "2014.07.06"]
[Round "?"]
[White "Introini, Luis Fredy"]
[Black "Stergiou, Georgios"]
[Result "0-1"]
[WhiteElo "1903"]
[BlackElo "1842"]
[PlyCount "30"]
[EventDate "2014.06.16"]
[EventType "tourn (corr)"]
[EventRounds "6"]
[EventCountry "GER"]
[SourceTitle "Corr 2022"]
[Source "ChessBase"]
[SourceDate "2021.10.24"]
[SourceVersion "1"]
[SourceVersionDate "2021.10.24"]
[SourceQuality "1"]

1. e4 c5 2. Nc3 e6 3. Nf3 Nc6 4. d4 cxd4 5. Nxd4 a6 6. Be2 Qc7 7. 0-0 Nf6 8. a4 Bb4 9. Qd3 0-0 10. Bg5 Bxc3 11. bxc3 Ne5 12. Qe3 Neg4 13. Qh3 Nxf2 14. Qh4 N6xe4 15. Be3 d5 0-1

[Event "Lamia-ch 1213"]
[Site "Lamia"]
[Date "2013.01.20"]
[Round "9"]
[White "Stergiou, Georgios"]
[Black "Tsoumas, Ilias"]
[Result "0-1"]
[WhiteElo "1153"]
[BlackElo "2003"]
[PlyCount "48"]
[EventDate "2012.12.02"]
[EventType "tourn"]
[EventRounds "15"]
[EventCountry "GRE"]
[SourceTitle "EXT 2024"]
[Source "ChessBase"]
[SourceDate "2023.10.10"]
[SourceVersion "1"]
[SourceVersionDate "2023.10.10"]
[SourceQuality "1"]

1. c4 Nf6 2. e3 c5 3. Nf3 Nc6 4. Nc3 d5 5. h3 d4 6. exd4 cxd4 7. Na4 e5 8. d3 Bb4+ 9. Bd2 Bxd2+ 10. Qxd2 0-0 11. Be2 e4 12. Ng5 exd3 13. Qxd3 Qa5+ 14. Nc3 dxc3 15. bxc3 Qxg5 16. 0-0 Bf5 17. Qe3 Qxe3 18. fxe3 Be4 19. Bf3 Rfd8 20. Be2 Rd2 21. Rf2 Rad8 22. a4 Rb2 23. Kf1 Rdd2 24. g4 Ne5 0-1

[Event "Athens op 03-A"]
[Site "Athens"]
[Date "2012.03.20"]
[Round "3"]
[White "Stergiou, Georgios"]
[Black "Karaxisaridis, Vasilios"]
[Result "1/2-1/2"]
[WhiteElo "1742"]
[BlackElo "1863"]
[PlyCount "102"]
[EventDate "2012.03.06"]
[EventType "swiss"]
[EventRounds "7"]
[EventCountry "GRE"]
[SourceTitle "EXT 2014"]
[Source "ChessBase"]
[SourceDate "2013.11.20"]
[SourceVersion "1"]
[SourceVersionDate "2013.11.20"]
[SourceQuality "1"]

1. e4 e5 2. Nf3 Nf6 3. Nxe5 d6 4. Nf3 Nxe4 5. Nc3 Nxc3 6. dxc3 Be7 7. Be3 0-0 8. Qd2 Nd7 9. 0-0-0 Nf6 10. h3 Qe8 11. Bd3 Qa4 12. a3 Be6 13. Nd4 Qd7 14. Nxe6 fxe6 15. f3 b5 16. Qe2 a6 17. Rhe1 e5 18. Bg5 Rfd8 19. f4 Qc6 20. fxe5 dxe5 21. Qxe5 Bd6 22. Qe6+ Kh8 23. Qf5 Qd7 24. Qxd7 Rxd7 25. Bxf6 gxf6 26. Bf5 Rg7 27. Re2 Rd8 28. Kb1 h5 29. g4 h4 30. Re6 Rf7 31. Bg6 Rff8 32. Rd5 Kg7 33. Bd3 Rfe8 34. Rxe8 Rxe8 35. Rh5 Bg3 36. Rh7+ Kg8 37. Rh6 Kg7 38. Rg6+ Kf7 39. g5 Re6 40. gxf6 Rd6 41. Rg7+ Kxf6 42. Rg6+ Ke5 43. Rxd6 Kxd6 44. Ka2 Be5 45. Kb3 Kc5 46. a4 Kb6 47. axb5 axb5 48. c4 b4 49. Kxb4 Bxb2 50. c5+ Ka7 51. Kb5 Be5 1/2-1/2

[Event "Aegean op 33rd"]
[Site "Aghios Kirykos"]
[Date "2010.07.20"]
[Round "8"]
[White "Grapsa, Georgia"]
[Black "Stergiou, Georgios"]
[Result "1/2-1/2"]
[WhiteElo "2005"]
[BlackElo "1719"]
[PlyCount "71"]
[EventDate "2010.07.13"]
[EventType "swiss"]
[EventRounds "9"]
[EventCountry "GRE"]
[SourceTitle "CBM 137 Extra"]
[Source "ChessBase"]
[SourceDate "2010.09.01"]
[SourceVersion "1"]
[SourceVersionDate "2010.09.01"]
[SourceQuality "1"]

1. d4 Nf6 2. c4 g6 3. Nc3 Bg7 4. e4 d6 5. Nge2 0-0 6. Ng3 a6 7. Be2 c5 8. d5 b5 9. cxb5 axb5 10. Bxb5 Ba6 11. 0-0 Bxb5 12. Nxb5 Qb6 13. a4 Na6 14. Bd2 Nd7 15. Bc3 Ne5 16. f4 Nd7 17. Kh1 Rfb8 18. Qe2 Nc7 19. Nxc7 Qxc7 20. Qc2 Bxc3 21. Qxc3 Rb4 22. b3 Rab8 23. Ra3 Qb7 24. Rf3 Nf6 25. Qd3 Rd4 26. Qc2 Qb4 27. Ra1 Nxe4 28. Nxe4 Rxe4 29. g3 Re1+ 30. Rxe1 Qxe1+ 31. Kg2 Rb4 32. Rf2 Rd4 33. Qe2 Qb4 34. Qxe7 Rxd5 35. f5 Rxf5 36. Rxf5 1/2-1/2

[Event "Aegean op 33rd"]
[Site "Aghios Kirykos"]
[Date "2010.07.19"]
[Round "7"]
[White "Stergiou, Georgios"]
[Black "Manelidou, Maria"]
[Result "1/2-1/2"]
[WhiteElo "1719"]
[BlackElo "2024"]
[PlyCount "66"]
[EventDate "2010.07.13"]
[EventType "swiss"]
[EventRounds "9"]
[EventCountry "GRE"]
[SourceTitle "CBM 137 Extra"]
[Source "ChessBase"]
[SourceDate "2010.09.01"]
[SourceVersion "1"]
[SourceVersionDate "2010.09.01"]
[SourceQuality "1"]

1. e4 e5 2. Nf3 Nc6 3. d4 exd4 4. Nxd4 Bc5 5. Nxc6 bxc6 6. Bd3 Qh4 7. 0-0 Nf6 8. Qf3 Ng4 9. Bf4 d6 10. h3 Ne5 11. Bxe5 dxe5 12. Nd2 h5 13. Kh2 Rh6 14. Qg3 Qf6 15. Nf3 Be7 16. Qxe5 Qxe5+ 17. Nxe5 Bd6 18. f4 g5 19. Kh1 gxf4 20. Nc4 Be6 21. Nxd6+ cxd6 22. Rxf4 Ke7 23. b3 a5 24. a4 Rb8 25. Raf1 f6 26. R1f3 c5 27. Bb5 Rg8 28. Kh2 Rg5 29. Rg3 Rhg6 30. Rxg5 fxg5 31. Rf2 g4 32. hxg4 Rxg4 33. Bc6 Rg5 1/2-1/2